Les 10 Meilleurs Buteurs De Chelsea Depuis 1970 - Statistiques

Statistiques générales
  • Ce quiz a été pris 98 fois
  • Le résultat moyen est 5 sur 10
Statistiques - réponses
Ordre Poste Nationalité Joueur Nombre
De Buts
Nombre de Matchs
Joués avec le club
Saisons % Correct
2 A CoteD'Ivoire DidierDrogba 164 381 2004 - 20122014 - 2015
99%
4 A Belgique EdenHazard 110 352 2012 - 2019
96%
1 M Angleterre Frank Lampard 211 648 2001 - 2014
95%
9 D Angleterre JohnTerry 67 717 2000 - 2017
74%
10 A Brésil Willian 63 339 2013 - 2020
71%
6 A Italie GianfrancoZola 80 312 1996 - 2003
52%
7 A Islande Eidur Gudjohnsen 78 263 2000 - 2006
29%
5 A Pays - Bas Jimmy Floyd Hasselbaink 87 177 2000 - 2004
19%
8 M Angleterre DennisWise 69 427 1990 - 2001
6%
3 A Angleterre KerryDixon 114 290 1983 - 1992
0%
Aucun quiz correspondant
Distribution des résultats
% des personnes avec chaque résultat
Percentile par nombre de réponses
Votre historique - résultats
Vous n’avez pas pris ce quiz